000 02148 a2200277 4500
001 32474
005 20260407155623.0
008 260407a2004 arg spa d
003 AR-UNSa-BCEJYS
040 _aAR-UNSa-BCEJYS
_bspa
_cAR-UNSa-BCEJYS
080 _a658
_xAdministración de empresas. Organización comercial
245 1 0 _aAdministración
_puna perpectiva global
250 _a12a. ed
264 1 _aMéxico :
_bLibros McGraw-Hill
_c2004
300 _a803 p.
_c23 cm.
505 _aI. El fundamento de la teoría y la práctica de la administración global: 1. Administración. ciencia, teoría y práctica - 2. Administración y sociedad: ambiente extrno, responsabilidad social y ética - 3. Administración global, comparada y de calidad - II. Planeación: 4. Fundamentos de la planeación y la administración por objetos - 5. Estrategias, políticas y premisas de planeación - 6. Toma de decisiones - III. Organización: 7. Naturaleza de la organización , el espíritu empresarial y la reingeniería - 8. Estructura organizacional: departamentalización - 9. Autoridad de linea/staff, empowerment y descentralización - 10. Organización eficaz y cultura organizacional - IV: 11. Administración y selección de recursos humanos - 12. Evaluación del desempeño y estrategia de desarrollo profesional - 13. Administración del cambio mediante el desarrollo de los administradores y de la organizción - V: Dirección: 14. Factores humanos y motivación - 15. Liderazgo - 16. Comités, equipo y toma grupal de decisiones - 17. Comunicación - VI: Control: 18. Sistema y proceso de control - 19. Técnicas de control y tecnología de la información - 20. Productividad, administración de operaciones y administración de calidad total.
041 _aspa
942 _cBK
590 _aniveau_biblio:m niveau_hierar:0
100 1 _aKoontz, Harold
700 1 _aWeihrich, Heinz
700 1 _aPalos Baéz, Enrique
700 1 _aDávila Martínez, Francisco Javier
700 1 _aLópez Herrera, Francisco
856 4 1 _uhttps://biblioeco.unsa.edu.ar/pmb/images/libros/administracion_koontz.jpg
_yImagen de portada
_qimage/jpeg
999 _c2281
_d2281